Central Library OPAC University of Rajshahi

The Jew of Malta / (Record no. 55020)

MARC details
000 -LEADER
fixed length control field 00872nam a2200277 a 4500
001 - CONTROL NUMBER
control field 55020
003 - CONTROL NUMBER IDENTIFIER
rucl marc code BD-RjUL
005 - DATE AND TIME OF LATEST TRANSACTION
control field 20211209080214.0
008 - FIXED-LENGTH DATA ELEMENTS--GENERAL INFORMATION
fixed length control field 161113s1965 enk 000 0 eng d
035 ## - SYSTEM CONTROL NUMBER
System control number (BD-RjUL)55142
040 ## - CATALOGING SOURCE
Original cataloging agency MBB
Transcribing agency MBB
Modifying agency BD-RjUL
Language of cataloging eng
041 ## - LANGUAGE CODE
Language code of text/sound track or separate title eng
082 ## - DEWEY DECIMAL CLASSIFICATION NUMBER
Edition number 23
Classification number 822.3
Author mark and year MAJ 1965
100 1# - MAIN ENTRY--PERSONAL NAME
Personal name Marlowe, Christopher,
Dates associated with a name 1564-1593.
9 (RLIN) 162624
245 14 - TITLE STATEMENT
Title The Jew of Malta /
Statement of responsibility, etc. Christopher Marlowe ; edited by Richard W. Van Fossen
260 ## - PUBLICATION, DISTRIBUTION, ETC. (IMPRINT)
Place of publication, distribution, etc. London :
Name of publisher, distributor, etc. E. Arnold,
Date of publication, distribution, etc. 1965
300 ## - PHYSICAL DESCRIPTION
Pagination xxx, 122 p. ;
Size 21 cm
490 ## - SERIES STATEMENT
Series statement Regents renaissance drama series.
650 ## - SUBJECT ADDED ENTRY--TOPICAL TERM
Topical term or geographic name as entry element Jews
9 (RLIN) 164035
Topical term or geographic name as entry element Malta
9 (RLIN) 164036
Topical term or geographic name as entry element English drama
9 (RLIN) 164037
Topical term or geographic name as entry element Jews in literature
9 (RLIN) 164038
700 1# - ADDED ENTRY--PERSONAL NAME
Personal name Van Fossen, R. W.
Fuller form of name (Richard Waight),
Dates associated with a name 1927-2009
830 ## - SERIES ADDED ENTRY--UNIFORM TITLE
Uniform title Regents renaissance drama series
942 ## - ADDED ENTRY ELEMENTS (KOHA)
Source of classification or shelving scheme Dewey Decimal Classification
Koha item type Books
Holdings
Lost status Source of classification or shelving scheme Damaged status Not for loan Collection code Permanent Location Current Location Shelving location Date acquired Source of acquisition Cost, normal purchase price Total Checkouts Full call number Date last seen Copy number Koha item type
  Dewey Decimal Classification     Non-fiction Central Library, University of Rajshahi Central Library, University of Rajshahi   26/11/1969 Zeitlinger 0.00   822.3 MAJ 1965 13/11/2016 C-2 Books
  Dewey Decimal Classification   Not For Loan Non-fiction Central Library, University of Rajshahi Central Library, University of Rajshahi Reading Room 27/06/1968 Zeitlinger 15.00   822.3 MAJ 1965 04/02/2017 C-1 Books